[Event "DVM U14 2022"]
[Site "Kelheim GER"]
[Date "2022.12.27"]
[Round "1"]
[White "Rogalski, Niclas"]
[Black "Haubold, Christian"]
[Result "0-1"]
[Termination "normal"]
[Board "2.2"]
[WhiteElo "1523"]
[BlackElo "1981"]
[WhiteClock "00:29:44"]
[BlackClock "00:28:51"]
[WhiteTeam "SK Blauer Springer Paderborn 1926 e. V."]
[BlackTeam "SG Einheit Staßfurt"]
[PlyCount "84"]
[WhiteFideId "34640320"]
[BlackFideId "16259629"]
[EventCountry "GER"]
[EventRounds "7"]
[EventType "team-swiss"]
[EventDate "2022.12.26"]

1. e4 {[%clk 01:30:57]} {[%emt 00:00:02]} e5 {[%clk 01:30:51]} {[%emt
00:00:09]} 2. Nf3 {[%clk 01:31:22]} {[%emt 00:00:06]} Nc6 {[%clk 01:31:11]}
{[%emt 00:00:10]} 3. d4 {[%clk 01:31:44]} {[%emt 00:00:08]} exd4 {[%clk
01:31:23]} {[%emt 00:00:17]} 4. Bc4 {[%clk 01:32:04]} {[%emt 00:00:10]} Bc5
{[%clk 01:31:26]} {[%emt 00:00:27]} 5. c3 {[%clk 01:32:20]} {[%emt 00:00:14]}
Nf6 {[%clk 01:31:05]} {[%emt 00:00:51]} 6. e5 {[%clk 01:32:25]} {[%emt
00:00:26]} d5 {[%clk 01:30:38]} {[%emt 00:00:57]} 7. Bb5 {[%clk 01:32:43]}
{[%emt 00:00:12]} Ne4 {[%clk 01:30:03]} {[%emt 00:01:05]} 8. cxd4 {[%clk
01:32:27]} {[%emt 00:00:44]} Bb6 {[%clk 01:29:16]} {[%emt 00:01:18]} 9. Nc3
{[%clk 01:31:54]} {[%emt 00:01:04]} O-O {[%clk 01:29:03]} {[%emt 00:00:43]} 10.
Be3 {[%clk 01:31:14]} {[%emt 00:01:10]} Bg4 {[%clk 01:26:59]} {[%emt 00:02:34]}
11. h3 {[%clk 01:29:51]} {[%emt 00:01:53]} Bh5 {[%clk 01:25:11]} {[%emt
00:02:17]} 12. Qc2 {[%clk 01:26:56]} {[%emt 00:03:25]} Bg6 {[%clk 01:21:40]}
{[%emt 00:04:02]} 13. Qb3 {[%clk 01:23:52]} {[%emt 00:03:34]} Ba5 {[%clk
01:15:14]} {[%emt 00:06:56]} 14. O-O {[%clk 01:19:37]} {[%emt 00:04:46]} Ne7
{[%clk 01:08:26]} {[%emt 00:07:17]} 15. Nh4 {[%clk 01:12:56]} {[%emt 00:07:11]}
Nf5 {[%clk 00:59:13]} {[%emt 00:09:43]} 16. Nxf5 {[%clk 00:40:18]} {[%emt
00:33:08]} Bxf5 {[%clk 00:42:20]} {[%emt 00:17:24]} 17. Qxd5 {[%clk 00:34:18]}
{[%emt 00:06:29]} Nxc3 {[%clk 00:41:26]} {[%emt 00:01:23]} 18. Qxd8 {[%clk
00:33:12]} {[%emt 00:01:36]} Rfxd8 {[%clk 00:39:57]} 19. bxc3 {[%clk 00:32:47]}
{[%emt 00:02:55]} c6 {[%clk 00:39:57]} {[%emt 00:00:29]} 20. Bc4 {[%clk
00:27:01]} {[%emt 00:06:17]} Bxc3 {[%clk 00:40:09]} {[%emt 00:00:17]} 21. Rad1
{[%clk 00:25:17]} {[%emt 00:02:14]} Rd7 {[%clk 00:32:49]} {[%emt 00:07:50]} 22.
g4 {[%clk 00:22:01]} {[%emt 00:03:47]} Be4 {[%clk 00:27:16]} {[%emt 00:06:03]}
23. f3 {[%clk 00:20:20]} {[%emt 00:02:11]} Bd5 {[%clk 00:27:03]} {[%emt
00:00:42]} 24. Bxd5 {[%clk 00:19:49]} {[%emt 00:01:01]} Rxd5 {[%clk 00:27:26]}
{[%emt 00:00:07]} 25. Rd3 {[%clk 00:18:29]} {[%emt 00:01:51]} Ba5 {[%emt
00:01:00]} 26. Kf2 {[%clk 00:14:25]} {[%emt 00:04:32]} Rad8 {[%clk 00:24:15]}
{[%emt 00:03:12]} 27. Rfd1 {[%clk 00:13:44]} {[%emt 00:01:11]} c5 {[%clk
00:23:00]} {[%emt 00:01:46]} 28. Ke2 {[%clk 00:11:22]} {[%emt 00:02:52]} c4
{[%clk 00:22:31]} {[%emt 00:00:58]} 29. Ra3 {[%clk 00:11:33]} {[%emt 00:00:19]}
b6 {[%clk 00:16:15]} {[%emt 00:06:47]} 30. Ra4 {[%clk 00:09:40]} {[%emt
00:02:23]} Rc8 {[%clk 00:14:54]} {[%emt 00:01:51]} 31. Rc1 {[%clk 00:06:58]}
{[%emt 00:03:12]} c3 {[%clk 00:12:34]} {[%emt 00:02:50]} 32. Rc2 {[%clk
00:06:38]} {[%emt 00:00:50]} Rcd8 {[%clk 00:08:41]} {[%emt 00:04:22]} 33. f4
{[%clk 00:06:05]} {[%emt 00:01:03]} Kf8 {[%clk 00:07:07]} {[%emt 00:02:05]} 34.
Kf3 {[%clk 00:05:24]} {[%emt 00:01:11]} Rb5 {[%clk 00:06:51]} {[%emt 00:00:45]}
35. Bc1 {[%clk 00:05:06]} {[%emt 00:00:48]} Ke8 {[%clk 00:05:32]} {[%emt
00:01:49]} 36. h4 {[%clk 00:04:41]} {[%emt 00:00:56]} Kd7 {[%clk 00:03:23]}
{[%emt 00:02:39]} 37. Ke4 {[%clk 00:03:06]} {[%emt 00:02:05]} Ke8 {[%clk
00:01:43]} {[%emt 00:02:10]} 38. Rc4 {[%clk 00:02:31]} {[%emt 00:01:04]} Rbd5
{[%clk 00:01:33]} {[%emt 00:00:40]} 39. Ba3 {[%clk 00:02:06]} {[%emt 00:00:55]}
b5 {[%clk 00:01:25]} {[%emt 00:00:39]} 40. Rc5 {[%clk 00:00:50]} {[%emt
00:01:46]} Rxd4 {[%clk 00:01:31]} {[%emt 00:00:24]} 41. Ke3 {[%clk 00:00:47]}
{[%emt 00:00:33]} Bb6 {[%clk 00:29:20]} {[%emt 00:02:40]} 42. R2xc3 {[%clk
00:29:44]} {[%emt 00:01:34]} b4 {[%clk 00:28:51]} {[%emt 00:05:31]} 0-1

[Event "DVM U14 2022"]
[Site "Kelheim GER"]
[Date "2022.12.27"]
[Round "1"]
[White "Schambier, Leon Elias"]
[Black "Klerx, Philipp"]
[Result "1/2-1/2"]
[Termination "normal"]
[Board "2.3"]
[WhiteElo "1306"]
[BlackElo "1400"]
[WhiteClock "01:05:41"]
[BlackClock "00:59:43"]
[WhiteTeam "SG Einheit Staßfurt"]
[BlackTeam "SK Blauer Springer Paderborn 1926 e. V."]
[PlyCount "41"]
[WhiteFideId "34608184"]
[BlackFideId "34640274"]
[EventCountry "GER"]
[EventRounds "7"]
[EventType "team-swiss"]
[EventDate "2022.12.26"]

1. e4 {[%clk 01:30:59]} {[%emt 00:00:02]} e5 {[%clk 01:30:55]} {[%emt
00:00:05]} 2. Nf3 {[%clk 01:31:23]} {[%emt 00:00:06]} Nc6 {[%clk 01:31:19]}
{[%emt 00:00:06]} 3. Bc4 {[%clk 01:31:46]} {[%emt 00:00:07]} Bc5 {[%clk
01:31:38]} {[%emt 00:00:10]} 4. c3 {[%clk 01:32:02]} {[%emt 00:00:14]} Nf6
{[%clk 01:31:22]} {[%emt 00:00:46]} 5. d4 {[%clk 01:31:40]} {[%emt 00:00:52]}
exd4 {[%clk 01:30:43]} {[%emt 00:01:09]} 6. O-O {[%clk 01:31:52]} {[%emt
00:00:18]} Nxe4 {[%clk 01:27:35]} {[%emt 00:03:39]} 7. cxd4 {[%clk 01:30:26]}
{[%emt 00:01:56]} d5 {[%clk 01:25:54]} {[%emt 00:02:11]} 8. dxc5 {[%clk
01:29:57]} {[%emt 00:01:00]} dxc4 {[%clk 01:26:03]} {[%emt 00:00:20]} 9. Qe2
{[%clk 01:29:05]} {[%emt 00:01:21]} Qd3 {[%clk 01:24:39]} {[%emt 00:01:54]} 10.
Re1 {[%clk 01:28:37]} {[%emt 00:00:59]} f5 {[%clk 01:22:19]} {[%emt 00:02:50]}
11. Nc3 {[%clk 01:28:34]} {[%emt 00:00:32]} O-O {[%clk 01:22:14]} {[%emt
00:00:35]} 12. Nxe4 {[%clk 01:28:37]} {[%emt 00:00:28]} fxe4 {[%clk 01:22:35]}
{[%emt 00:00:07]} 13. Qxe4 {[%clk 01:29:00]} {[%emt 00:00:08]} Bf5 {[%clk
01:23:02]} {[%emt 00:00:04]} 14. Qe2 {[%clk 01:25:16]} {[%emt 00:04:14]} Bg4
{[%clk 01:12:05]} {[%emt 00:11:27]} 15. Qxd3 {[%clk 01:12:12]} {[%emt
00:13:33]} cxd3 {[%clk 01:11:39]} {[%emt 00:00:57]} 16. Ne5 {[%clk 01:12:27]}
{[%emt 00:00:15]} Nxe5 {[%clk 01:11:14]} {[%emt 00:00:55]} 17. Rxe5 {[%clk
01:12:50]} {[%emt 00:00:05]} Rfe8 {[%clk 01:05:34]} {[%emt 00:06:11]} 18. Bf4
{[%clk 01:06:43]} {[%emt 00:06:37]} Be2 {[%clk 01:04:27]} {[%emt 00:01:37]} 19.
Rxe8 {[%clk 01:05:12]} {[%emt 00:02:01]} Rxe8 {[%clk 01:04:47]} {[%emt
00:00:10]} 20. Bd2 {[%clk 01:05:36]} {[%emt 00:00:06]} Re6 {[%clk 00:59:43]}
{[%emt 00:05:35]} 21. f3 {[%clk 01:05:41]} {[%emt 00:00:24]} 1/2-1/2

[Event "DVM U14 2022"]
[Site "Kelheim GER"]
[Date "2022.12.27"]
[Round "1"]
[White "Nolte, Matthis"]
[Black "Beck, Jason"]
[Result "1/2-1/2"]
[Termination "normal"]
[Board "2.4"]
[WhiteElo "1220"]
[BlackElo "1576"]
[WhiteClock "00:13:44"]
[BlackClock "00:48:09"]
[WhiteTeam "SK Blauer Springer Paderborn 1926 e. V."]
[BlackTeam "SG Einheit Staßfurt"]
[PlyCount "135"]
[WhiteFideId "34640304"]
[BlackFideId "34608389"]
[EventCountry "GER"]
[EventRounds "7"]
[EventType "team-swiss"]
[EventDate "2022.12.26"]

1. e4 {[%clk 01:30:58]} {[%emt 00:00:01]} e5 {[%clk 01:30:53]} {[%emt
00:00:07]} 2. Nf3 {[%clk 01:31:25]} {[%emt 00:00:04]} Nc6 {[%clk 01:31:16]}
{[%emt 00:00:07]} 3. Bc4 {[%clk 01:31:50]} {[%emt 00:00:04]} Bc5 {[%clk
01:31:41]} {[%emt 00:00:05]} 4. c3 {[%clk 01:32:16]} {[%emt 00:00:04]} Nf6
{[%clk 01:32:01]} {[%emt 00:00:11]} 5. d4 {[%clk 01:32:40]} {[%emt 00:00:06]}
exd4 {[%clk 01:32:24]} {[%emt 00:00:07]} 6. e5 {[%clk 01:33:04]} {[%emt
00:00:06]} d5 {[%clk 01:32:31]} {[%emt 00:00:23]} 7. Bb5 {[%clk 01:33:26]}
{[%emt 00:00:08]} Ne4 {[%clk 01:32:43]} {[%emt 00:00:18]} 8. cxd4 {[%clk
01:33:41]} {[%emt 00:00:14]} Bb6 {[%clk 01:32:10]} {[%emt 00:01:04]} 9. Be3
{[%clk 01:32:24]} {[%emt 00:01:47]} Bg4 {[%clk 01:30:39]} {[%emt 00:02:01]} 10.
h3 {[%clk 01:30:35]} {[%emt 00:02:19]} Bh5 {[%clk 01:30:32]} {[%emt 00:00:37]}
11. g4 {[%clk 01:30:38]} {[%emt 00:00:27]} Bg6 {[%clk 01:30:33]} {[%emt
00:00:29]} 12. Nc3 {[%clk 01:21:40]} {[%emt 00:09:28]} O-O {[%clk 01:27:07]}
{[%emt 00:03:56]} 13. Ne2 {[%clk 01:12:39]} {[%emt 00:09:31]} f6 {[%clk
01:23:40]} {[%emt 00:03:56]} 14. Nf4 {[%clk 01:01:01]} {[%emt 00:12:08]} Bf7
{[%clk 01:11:47]} {[%emt 00:12:23]} 15. e6 {[%clk 00:55:32]} {[%emt 00:05:59]}
Bg6 {[%clk 01:00:37]} {[%emt 00:11:41]} 16. Qb3 {[%clk 00:48:28]} {[%emt
00:07:34]} Ba5 {[%clk 00:56:02]} {[%emt 00:05:04]} 17. Kd1 {[%clk 00:41:55]}
{[%emt 00:07:04]} Nb4 {[%clk 00:53:42]} {[%emt 00:02:50]} 18. Nxg6 {[%clk
00:40:10]} {[%emt 00:02:14]} hxg6 {[%clk 00:53:19]} {[%emt 00:00:53]} 19. a3
{[%clk 00:38:38]} {[%emt 00:02:02]} Nc6 {[%clk 00:52:02]} {[%emt 00:01:47]} 20.
Qa4 {[%clk 00:37:03]} {[%emt 00:02:05]} Bb6 {[%clk 00:48:58]} {[%emt 00:03:34]}
21. Bxc6 {[%clk 00:35:43]} {[%emt 00:01:51]} bxc6 {[%clk 00:49:14]} {[%emt
00:00:13]} 22. Qxc6 {[%clk 00:35:38]} {[%emt 00:00:35]} Qd6 {[%emt 00:01:14]}
23. Qxd6 {[%clk 00:35:11]} Nxd6 {[%clk 00:49:49]} {[%emt 00:00:09]} 24. Bd2
{[%clk 00:30:43]} {[%emt 00:04:58]} Rfe8 {[%clk 00:49:27]} {[%emt 00:00:52]}
25. Re1 {[%clk 00:30:39]} {[%emt 00:00:33]} Ne4 {[%clk 00:49:47]} {[%emt
00:00:10]} 26. Re2 {[%clk 00:27:56]} {[%emt 00:03:14]} Rxe6 {[%clk 00:49:50]}
{[%emt 00:00:27]} 27. Be3 {[%clk 00:27:26]} {[%emt 00:01:00]} Rae8 {[%clk
00:50:00]} {[%emt 00:00:19]} 28. Ke1 {[%clk 00:24:26]} {[%emt 00:03:31]} c5
{[%clk 00:47:36]} {[%emt 00:02:53]} 29. Rd1 {[%clk 00:21:12]} {[%emt 00:03:43]}
c4 {[%clk 00:47:21]} {[%emt 00:00:46]} 30. Rc1 {[%clk 00:20:12]} {[%emt
00:01:30]} Ba5 {[%clk 00:47:16]} {[%emt 00:00:36]} 31. Kf1 {[%clk 00:19:33]}
{[%emt 00:01:09]} Ng3 {[%clk 00:43:41]} {[%emt 00:04:05]} 32. fxg3 {[%clk
00:18:24]} {[%emt 00:01:39]} Rxe3 {[%clk 00:44:02]} {[%emt 00:00:09]} 33. Rxe3
{[%clk 00:17:01]} {[%emt 00:01:53]} Rxe3 {[%clk 00:44:27]} {[%emt 00:00:05]}
34. Kf2 {[%clk 00:17:20]} {[%emt 00:00:11]} Rb3 {[%clk 00:44:48]} {[%emt
00:00:09]} 35. Rc2 {[%clk 00:15:42]} {[%emt 00:02:08]} Bb6 {[%clk 00:41:34]}
{[%emt 00:03:43]} 36. Ke2 {[%clk 00:11:16]} {[%emt 00:04:57]} Rd3 {[%clk
00:40:03]} {[%emt 00:01:59]} 37. Rd2 {[%clk 00:10:29]} {[%emt 00:01:19]} Rxd2
{[%clk 00:40:26]} {[%emt 00:00:07]} 38. Kxd2 {[%clk 00:10:53]} {[%emt
00:00:06]} Bc7 {[%clk 00:40:51]} {[%emt 00:00:04]} 39. Kc3 {[%clk 00:10:18]}
{[%emt 00:01:06]} Bxg3 {[%clk 00:39:30]} {[%emt 00:01:52]} 40. Kb4 {[%clk
00:09:37]} {[%emt 00:01:10]} Bf4 {[%clk 00:36:13]} {[%emt 00:03:46]} 41. b3
{[%clk 00:07:39]} {[%emt 00:02:29]} a5 {[%clk 00:34:37]} {[%emt 00:02:07]} 42.
Kc3 {[%clk 00:07:23]} {[%emt 00:00:46]} cxb3 {[%clk 00:33:08]} {[%emt
00:01:58]} 43. Kxb3 {[%clk 00:06:40]} {[%emt 00:01:14]} Bd6 {[%clk 00:33:28]}
{[%emt 00:00:09]} 44. Ka4 {[%clk 00:01:12]} {[%emt 00:05:58]} g5 {[%clk
00:30:29]} {[%emt 00:03:29]} 45. Nd2 {[%clk 00:29:31]} {[%emt 00:02:12]} Bf4
{[%clk 01:00:03]} {[%emt 00:00:55]} 46. Nb3 {[%clk 00:29:35]} {[%emt 00:00:26]}
Bd6 {[%clk 00:58:37]} {[%emt 00:01:56]} 47. Nc5 {[%clk 00:28:54]} {[%emt
00:01:11]} g6 {[%clk 00:55:26]} {[%emt 00:03:41]} 48. Kxa5 {[%clk 00:24:15]}
{[%emt 00:05:09]} f5 {[%clk 00:55:45]} {[%emt 00:00:12]} 49. a4 {[%clk
00:24:15]} {[%emt 00:00:30]} f4 {[%clk 00:55:57]} {[%emt 00:00:17]} 50. Nd3
{[%clk 00:24:30]} {[%emt 00:00:15]} f3 {[%clk 00:56:06]} {[%emt 00:00:21]} 51.
Kb5 {[%clk 00:23:26]} {[%emt 00:01:33]} Bg3 {[%clk 00:55:40]} {[%emt 00:00:57]}
52. Kc5 {[%clk 00:22:07]} {[%emt 00:01:49]} Be1 {[%clk 00:49:47]} {[%emt
00:06:23]} 53. Kxd5 {[%clk 00:21:16]} {[%emt 00:01:22]} f2 {[%clk 00:49:44]}
{[%emt 00:00:33]} 54. Nxf2 {[%clk 00:21:33]} {[%emt 00:00:12]} Bxf2 {[%clk
00:50:10]} {[%emt 00:00:04]} 55. a5 {[%clk 00:21:37]} {[%emt 00:00:26]} Bg3
{[%clk 00:50:30]} {[%emt 00:00:10]} 56. a6 {[%clk 00:21:25]} {[%emt 00:00:42]}
Bb8 {[%clk 00:50:52]} {[%emt 00:00:08]} 57. Kc6 {[%clk 00:21:50]} {[%emt
00:00:05]} Ba7 {[%clk 00:51:13]} {[%emt 00:00:10]} 58. Kb7 {[%clk 00:22:14]}
{[%emt 00:00:06]} Bxd4 {[%clk 00:51:33]} {[%emt 00:00:10]} 59. Kc6 {[%clk
00:22:19]} {[%emt 00:00:24]} Kf7 {[%clk 00:51:41]} {[%emt 00:00:21]} 60. Kd7
{[%clk 00:20:42]} {[%emt 00:02:09]} Be3 {[%clk 00:50:22]} {[%emt 00:01:48]} 61.
Kd6 {[%clk 00:18:31]} {[%emt 00:02:40]} Kf6 {[%clk 00:49:25]} {[%emt 00:01:28]}
62. Kd5 {[%clk 00:18:15]} {[%emt 00:00:46]} Ba7 {[%clk 00:49:19]} {[%emt
00:00:36]} 63. Kd6 {[%clk 00:17:21]} {[%emt 00:01:24]} Bf2 {[%clk 00:48:35]}
{[%emt 00:01:13]} 64. Kd5 {[%clk 00:16:21]} {[%emt 00:01:31]} Ke7 {[%clk
00:48:45]} {[%emt 00:00:18]} 65. Ke5 {[%clk 00:14:55]} {[%emt 00:01:58]} Kd7
{[%clk 00:47:47]} {[%emt 00:01:28]} 66. Kf6 {[%clk 00:13:46]} {[%emt 00:01:39]}
Be3 {[%clk 00:47:50]} {[%emt 00:00:27]} 67. Kxg6 {[%clk 00:13:49]} {[%emt
00:00:27]} Kc7 {[%clk 00:48:09]} {[%emt 00:00:11]} 68. Kh5 {[%clk 00:13:44]}
{[%emt 00:00:35]} 1/2-1/2

[Event "DVM U14 2022"]
[Site "Kelheim GER"]
[Date "2022.12.27"]
[Round "1"]
[White "Werner, Florin"]
[Black "Korchynskyi, Mykola"]
[Result "0-1"]
[Termination "normal"]
[Board "3.1"]
[WhiteElo "1761"]
[BlackElo "1861"]
[WhiteClock "00:51:39"]
[BlackClock "00:18:47"]
[WhiteTeam "VSG 1880 Offenbach"]
[BlackTeam "Schachfreunde Essen-Katernberg 04/32 e. V."]
[PlyCount "72"]
[WhiteFideId "16250230"]
[BlackFideId "34138005"]
[EventCountry "GER"]
[EventRounds "7"]
[EventType "team-swiss"]
[EventDate "2022.12.26"]

1. e4 {[%clk 01:30:56]} {[%emt 00:00:03]} e6 {[%clk 01:30:56]} {[%emt
00:00:05]} 2. d4 {[%clk 01:31:14]} {[%emt 00:00:11]} d5 {[%clk 01:31:22]}
{[%emt 00:00:05]} 3. Nd2 {[%clk 01:31:39]} {[%emt 00:00:05]} c5 {[%clk
01:31:44]} {[%emt 00:00:07]} 4. exd5 {[%clk 01:32:04]} {[%emt 00:00:05]} Qxd5
{[%clk 01:32:08]} {[%emt 00:00:06]} 5. Ngf3 {[%clk 01:32:19]} {[%emt 00:00:16]}
cxd4 {[%clk 01:32:16]} {[%emt 00:00:22]} 6. Bc4 {[%clk 01:31:54]} {[%emt
00:00:54]} Qd6 {[%clk 01:32:07]} {[%emt 00:00:40]} 7. Qe2 {[%clk 01:31:48]}
{[%emt 00:00:35]} Nf6 {[%clk 01:31:47]} {[%emt 00:00:50]} 8. Nb3 {[%clk
01:28:25]} {[%emt 00:03:53]} Nc6 {[%clk 01:31:02]} {[%emt 00:01:15]} 9. O-O
{[%clk 01:28:05]} {[%emt 00:00:50]} Be7 {[%clk 01:31:00]} {[%emt 00:00:33]} 10.
Rd1 {[%clk 01:28:13]} {[%emt 00:00:21]} e5 {[%clk 01:16:26]} {[%emt 00:15:04]}
11. c3 {[%clk 01:26:25]} {[%emt 00:02:18]} Bg4 {[%clk 01:11:21]} {[%emt
00:05:35]} 12. h3 {[%clk 01:24:32]} {[%emt 00:02:23]} Bxf3 {[%clk 01:05:34]}
{[%emt 00:06:18]} 13. gxf3 {[%clk 01:23:55]} {[%emt 00:01:07]} O-O {[%clk
00:55:16]} {[%emt 00:10:48]} 14. cxd4 {[%clk 01:23:48]} {[%emt 00:00:37]} exd4
{[%clk 00:55:06]} {[%emt 00:00:39]} 15. Be3 {[%clk 01:23:54]} {[%emt 00:00:23]}
Qd7 {[%clk 00:54:01]} {[%emt 00:01:36]} 16. Kg2 {[%clk 01:22:56]} {[%emt
00:01:29]} Nh5 {[%clk 00:49:46]} {[%emt 00:04:44]} 17. Qd2 {[%clk 01:20:08]}
{[%emt 00:03:18]} Ne5 {[%clk 00:37:32]} {[%emt 00:12:44]} 18. Qxd4 {[%clk
01:19:32]} {[%emt 00:01:07]} Qf5 {[%clk 00:37:47]} {[%emt 00:00:14]} 19. Bd5
{[%clk 01:17:41]} {[%emt 00:02:21]} Ng6 {[%clk 00:35:25]} {[%emt 00:02:52]} 20.
Qg4 {[%clk 01:15:14]} {[%emt 00:02:57]} Nhf4 {[%clk 00:34:08]} {[%emt
00:01:45]} 21. Kh1 {[%clk 01:13:42]} {[%emt 00:02:03]} Qe5 {[%clk 00:30:44]}
{[%emt 00:03:55]} 22. Bxb7 {[%clk 01:10:14]} {[%emt 00:03:58]} Rab8 {[%clk
00:29:52]} {[%emt 00:01:21]} 23. Ba6 {[%clk 01:05:03]} {[%emt 00:05:43]} h5
{[%clk 00:29:22]} {[%emt 00:01:00]} 24. Qg3 {[%clk 01:02:16]} {[%emt 00:03:16]}
h4 {[%clk 00:25:14]} {[%emt 00:04:39]} 25. Qh2 {[%clk 00:56:40]} {[%emt
00:06:05]} Bf6 {[%clk 00:19:36]} {[%emt 00:06:08]} 26. Bxa7 {[%clk 00:52:49]}
{[%emt 00:04:21]} Ra8 {[%clk 00:18:53]} {[%emt 00:01:14]} 27. Bd4 {[%clk
00:53:12]} {[%emt 00:00:06]} Qd5 {[%clk 00:18:51]} {[%emt 00:00:32]} 28. Bxf6
{[%clk 00:52:53]} {[%emt 00:00:50]} Qxf3 {[%clk 00:18:57]} {[%emt 00:00:24]}
29. Kg1 {[%clk 00:53:20]} {[%emt 00:00:03]} Rxa6 {[%emt 00:02:31]} 30. Bc3
{[%emt 00:02:40]} Ne2 {[%clk 00:16:56]} 31. Kf1 {[%clk 00:52:04]} {[%emt
00:00:05]} Ngf4 {[%clk 00:16:58]} {[%emt 00:00:24]} 32. Nd4 {[%clk 00:52:22]}
{[%emt 00:00:16]} Nxd4 {[%clk 00:17:11]} {[%emt 00:00:17]} 33. Rxd4 {[%clk
00:50:17]} {[%emt 00:02:36]} Qe2 {[%clk 00:17:36]} {[%emt 00:00:05]} 34. Kg1
{[%clk 00:50:42]} {[%emt 00:00:04]} Rg6 {[%clk 00:18:02]} {[%emt 00:00:04]} 35.
Kh1 {[%clk 00:51:10]} {[%emt 00:00:02]} Qf3 {[%clk 00:18:26]} {[%emt 00:00:06]}
36. Qg2 {[%clk 00:51:39]} {[%emt 00:00:02]} Qxg2# {[%clk 00:18:47]} {[%emt
00:00:08]} 0-1

[Event "DVM U14 2022"]
[Site "Kelheim GER"]
[Date "2022.12.27"]
[Round "1"]
[White "Berresheim, Nils"]
[Black "Derr, Oleg"]
[Result "1/2-1/2"]
[Termination "normal"]
[Board "3.2"]
[WhiteElo "1755"]
[BlackElo "1517"]
[WhiteClock "00:56:20"]
[BlackClock "01:15:56"]
[WhiteTeam "Schachfreunde Essen-Katernberg 04/32 e. V."]
[BlackTeam "VSG 1880 Offenbach"]
[PlyCount "44"]
[WhiteFideId "16246306"]
[BlackFideId "34611517"]
[EventCountry "GER"]
[EventRounds "7"]
[EventType "team-swiss"]
[EventDate "2022.12.26"]

1. d4 {[%clk 01:30:55]} {[%emt 00:00:04]} d5 {[%clk 01:30:44]} {[%emt
00:00:17]} 2. c4 {[%clk 01:30:56]} {[%emt 00:00:28]} dxc4 {[%clk 01:30:11]}
{[%emt 00:01:04]} 3. e3 {[%clk 01:31:01]} {[%emt 00:00:24]} e5 {[%clk
01:30:08]} {[%emt 00:00:33]} 4. Bxc4 {[%clk 01:29:32]} {[%emt 00:02:00]} exd4
{[%clk 01:30:13]} {[%emt 00:00:25]} 5. exd4 {[%clk 01:28:52]} {[%emt 00:01:09]}
Bd6 {[%clk 01:30:18]} {[%emt 00:00:26]} 6. Nf3 {[%clk 01:27:42]} {[%emt
00:01:39]} Nf6 {[%clk 01:29:38]} {[%emt 00:01:10]} 7. O-O {[%clk 01:26:05]}
{[%emt 00:02:07]} O-O {[%clk 01:29:04]} {[%emt 00:01:05]} 8. h3 {[%clk
01:22:33]} {[%emt 00:04:01]} h6 {[%clk 01:27:36]} {[%emt 00:01:58]} 9. Nc3
{[%clk 01:19:50]} {[%emt 00:03:13]} Nc6 {[%clk 01:27:14]} {[%emt 00:00:53]} 10.
a3 {[%clk 01:14:14]} {[%emt 00:06:06]} Bf5 {[%clk 01:23:25]} {[%emt 00:04:18]}
11. Ne2 {[%clk 01:10:10]} {[%emt 00:04:34]} Re8 {[%clk 01:19:43]} {[%emt
00:04:13]} 12. Bb5 {[%clk 01:01:24]} {[%emt 00:09:16]} a6 {[%clk 01:17:32]}
{[%emt 00:02:41]} 13. Bxc6 {[%clk 00:59:24]} {[%emt 00:02:30]} bxc6 {[%clk
01:17:10]} {[%emt 00:00:52]} 14. Nf4 {[%clk 00:56:20]} {[%emt 00:03:33]} Qd7
{[%clk 01:15:56]} {[%emt 00:01:45]} 15. Nd3 Nd5 {[%clk 01:15:56]} 16. Nde5 Bxe5
{[%clk 01:15:56]} 17. Nxe5 Qd6 {[%clk 01:15:56]} 18. b4 f6 {[%clk 01:15:56]}
19. Nc4 Qe6 {[%clk 01:15:56]} 20. Qb3 Nb6 {[%clk 01:15:56]} 21. Na5 Qxb3 {[%clk
01:15:56]} 22. Nxb3 Bd3 {[%clk 01:15:56]} 1/2-1/2